3-Letter Words by Description - Statistics

General Stats
  • This quiz has been taken 28 times
  • The average score is 7 of 10
Answer Stats
Hint Answer % Correct
The smallest positive
even number. Situated
between 1 and 3.
two
96%
An aerial vehicle;
the first three letters
of this amazing quiz
making platform.
jet
83%
An act of evil upon
the eyes of God.
sin
83%
The medium where
#5 travels through.
air
78%
Short slumber. nap
78%
Pigment, usually black.
Can be produced by
certain mollusks.
ink
65%
Risk giving up a
valuable object for
another; gamble.
bet
52%
Scratch or wipe
roughly.
rub
52%
Selina Kyle's
outfit theme.
cat
43%
It can mean a lot of
things, like a brand
for a mosquito repellant,
or deactivated.
off
35%
No matching quizzes found
Score Distribution
Percent of People with Each Score
Percentile by Number Answered
Your Score History
You have not taken this quiz